Statistics for Soviet and Russian Submarine Classes

Click here to take the quiz!

General Stats

  • This quiz has been taken 68 times
  • The average score is 49 of 82

Answer Stats

WhatAnswer% Correct
NATO Reporting NameTyphoon
91%
NATO Reporting NameAkula
85%
Russian NameAkula
85%
NATO Reporting NameAlfa
85%
NATO Reporting NameOscar I
85%
NATO Reporting NameOscar II
85%
NATO Reporting NameDelta I
83%
NATO Reporting NameDelta II
83%
NATO Reporting NameDelta III
83%
NATO Reporting NameDelta IV
83%
NATO Reporting NameImproved Kilo
83%
NATO Reporting NameKilo
83%
NATO Reporting NameBravo
81%
NATO Reporting NameFoxtrot
81%
NATO Reporting NameVictor I
81%
NATO Reporting NameVictor II
81%
NATO Reporting NameVictor III
81%
NATO Reporting NameCharlie I
79%
NATO Reporting NameCharlie II
79%
NATO Reporting NameEcho I
77%
NATO Reporting NameEcho II
77%
NATO Reporting NameGolf
77%
NATO Reporting NameHotel
77%
NATO Reporting NameIndia
77%
NATO Reporting NameNovember
77%
NATO Reporting NamePapa
77%
NATO Reporting NameRomeo
77%
NATO Reporting NameSierra I
77%
NATO Reporting NameSierra II
77%
NATO Reporting NameWhiskey
77%
NATO Reporting NameYankee
77%
NATO Reporting NameTango
74%
NATO Reporting NameZulu
74%
NATO Reporting NameJuliett
72%
NATO Reporting NameQuebec
72%
NATO Reporting NameMike
70%
NATO Reporting NameLima
68%
NATO Reporting NameUniform
66%
Russian NameBorei
64%
NATO Reporting NameBorei
64%
Russian NameYasen
55%
Russian NameAntey
53%
Russian NameDelfin
53%
Russian NameShchuka
53%
Russian NameShchuka-B
53%
NATO Reporting NameWhiskey Twin Cylinder
53%
Russian NameAkson
51%
Russian NameAkson-2
51%
Russian NameGranit
51%
Russian NameKalmar
51%
NATO Reporting NameSeverodvinsk
51%
Russian NameSkat
51%
Russian NameSkat-M
51%
NATO Reporting NameWhale
51%
NATO Reporting NameWhiskey Long Bin
51%
NATO Reporting NameYankee Big Nose
51%
NATO Reporting NameYankee Notch
51%
NATO Reporting NameYankee Sidecar
51%
Russian NameLira
49%
Russian NameMurena
49%
Russian NameMurena-M
49%
Russian NameYorsh
49%
Russian NameKashalot
47%
Russian NameSargan
47%
NATO Reporting NameSarov
47%
Russian NameSyomga
47%
Russian NamePlavnik
45%
NATO Reporting NameYankee Pod
45%
Russian NameVarshavyanka
43%
Russian NameAndromeda
40%
Russian NameGrusha
40%
Russian NamePaltus
40%
Russian NameBarracuda
36%
Russian NameNavaga
36%
Russian NameKefal
30%
Russian NameSom
28%
NATO Reporting NameBeluga
23%
Russian NameMakrel
21%
Russian NameAnchar
19%
Russian NameKit
19%
Russian NameKondor
19%
Russian NameLenok
9%

Score Distribution

Percentile by Number Answered

Percent of People with Each Score

Your Score History

You have not taken this quiz